Materials handbook : an encyclopedia for managers, technical professionals, purchasing and production managers, technicians, supervisors, and foremen (Record no. 61424)

000 -LEADER
fixed length control field 00768nam a22001937a 4500
003 - CONTROL NUMBER IDENTIFIER
control field NUST-PNEC
005 - DATE AND TIME OF LATEST TRANSACTION
control field 20170116180722.0
008 - FIXED-LENGTH DATA ELEMENTS--GENERAL INFORMATION
fixed length control field 141027b xxu||||| |||| 00| 0 eng d
020 ## - INTERNATIONAL STANDARD BOOK NUMBER
International Standard Book Number 0070070717
040 ## - CATALOGING SOURCE
Transcribing agency PNEC
082 ## - DEWEY DECIMAL CLASSIFICATION NUMBER
Classification number 620.1102 BRA
100 ## - MAIN ENTRY--PERSONAL NAME
9 (RLIN) 841
Personal name Brady, George S.
245 ## - TITLE STATEMENT
Title Materials handbook : an encyclopedia for managers, technical professionals, purchasing and production managers, technicians, supervisors, and foremen
Statement of responsibility, etc. George S. Brady
260 ## - PUBLICATION, DISTRIBUTION, ETC.
Place of publication, distribution, etc. New York
Name of publisher, distributor, etc. McGraw-Hill Book Company
Date of publication, distribution, etc. 1986
300 ## - PHYSICAL DESCRIPTION
Extent 1038 p. :
Dimensions 23 cm.
500 ## - GENERAL NOTE
General note http://www.amazon.com/Materials-Handbook-encyclopedia-professionals-technicians/dp/0070070717/ref=sr_1_1?s=books&ie=UTF8&qid=1414397681&sr=1-1&keywords=0070070717
650 ## - SUBJECT ADDED ENTRY--TOPICAL TERM
General subdivision ME
942 ## - ADDED ENTRY ELEMENTS (KOHA)
Source of classification or shelving scheme
Koha item type Book
Holdings
Withdrawn status Lost status Source of classification or shelving scheme Damaged status Not for loan Permanent Location Current Location Shelving location Date acquired Source of acquisition Cost, normal purchase price Total Checkouts Full call number Barcode Date last seen Cost, replacement price Price effective from Koha item type
          Pakistan Navy Engineering College (PNEC) Pakistan Navy Engineering College (PNEC) Reference 08/25/1986 Habib & Sons 1071.00   620.1102 BRA PNECLIB-010239 10/27/2014 1071.00 08/25/1986 Book
© 2023 Central Library, National University of Sciences and Technology. All Rights Reserved.